Statystyki dla Czy wymienisz wszystkie filmy z cyklu 007? (James Bond)

Kliknij tutaj aby rozwiązać quiz!

Ogólne statystyki

  • Ten quiz został rozwiązany 818 razy
    (416 od ostatniego zresetowania)
  • Średni wynik to 14 z 25

Statystyki odpowiedzi

Rok PremieryTytuł% Poprawnych
2012Skyfall
88%
2006Casino Royale
82%
1995GoldenEye
81%
2015Spectre
79%
1962Doktor No
78%
2021Nie Czas Umierać
71%
1964Goldfinger
69%
1963Pozdrowienia z Rosji
62%
1983Ośmiorniczka
61%
2008Quantum of Solace
61%
1997Jutro Nie Umiera Nigdy
57%
1971Diamenty są Wieczne
53%
1974Człowiek ze Złotym Pistoletem
50%
1989Licencja na Zabijanie
50%
1979Moonraker
49%
1969W Tajnej Służbie Jej Królewskiej Mości
49%
2002Śmierć Nadejdzie Jutro
48%
1977Szpieg który Mnie Kochał
46%
1967Żyje się Tylko Dwa Razy
46%
1965Operacja Piorun
44%
1973Żyj i Pozwól Umrzeć
43%
1999Świat to za Mało
42%
1981Tylko Dla Twoich Oczu
35%
1985Zabójczy Widok
35%
1987W Obliczu Śmierci
19%

Rozkład punktacji

Percentyl według liczby udzielonych odpowiedzi

Procent ludzi z każdym wynikiem

Twoja historia wyników

Nie rozwiązałeś tego quizu od ostatniego zresetowania